Land statistics 1992. (Record no. 91713)

MARC details
000 -LEADER
fixed length control field 00840cam a2200289 4500
001 - CONTROL NUMBER
control field J1772
008 - FIXED-LENGTH DATA ELEMENTS--GENERAL INFORMATION
fixed length control field 090401t1993 xxu||||| |||| 00| 0 eng d
035 ## - SYSTEM CONTROL NUMBER
System control number (Sirsi) u45423
041 ## - LANGUAGE CODE
Language code of text/sound track or separate title eng
050 ## - LIBRARY OF CONGRESS CALL NUMBER
Classification number 333.3350212
100 ## - MAIN ENTRY--PERSONAL NAME
Personal name Pym, Andrew
245 ## - TITLE STATEMENT
Title Land statistics 1992.
260 ## - PUBLICATION, DISTRIBUTION, ETC.
Place of publication, distribution, etc. London
Name of publisher, distributor, etc. Country Landowners Association
Date of publication, distribution, etc. 1993
300 ## - PHYSICAL DESCRIPTION
Extent 15p. ; 21cm.
350 ## - PRICE (NR) (BK AM CF MU VM SE) [OBSOLETE]
Price 5
490 ## - SERIES STATEMENT
Series statement CLA Publication
Volume/sequential designation L2/92
520 ## - SUMMARY, ETC.
Summary, etc. Statistical tables with information on land values, capital and rental, as well as indexation for CGT, the RPI and agricultural employment.
650 ## - SUBJECT ADDED ENTRY--TOPICAL TERM
Topical term or geographic name entry element CAPITAL VALUES
650 ## - SUBJECT ADDED ENTRY--TOPICAL TERM
Topical term or geographic name entry element FARM LAND
650 ## - SUBJECT ADDED ENTRY--TOPICAL TERM
Topical term or geographic name entry element LAND PRICES
650 ## - SUBJECT ADDED ENTRY--TOPICAL TERM
Topical term or geographic name entry element RENT
650 ## - SUBJECT ADDED ENTRY--TOPICAL TERM
Topical term or geographic name entry element RENTAL VALUES
690 ## - LOCAL SUBJECT ADDED ENTRY--TOPICAL TERM (OCLC, RLIN)
Topical term or geographic name as entry element RURAL PRACTICE
710 ## - ADDED ENTRY--CORPORATE NAME
Corporate name or jurisdiction name as entry element Country Landowners' Association
9 (RLIN) 2816
942 ## - ADDED ENTRY ELEMENTS (KOHA)
Suppress in OPAC 0
948 ## - LOCAL PROCESSING INFORMATION (OCLC); SERIES PART DESIGNATOR (RLIN)
c (OCLC) 04/03/1997
Holdings
Withdrawn status Lost status Source of classification or shelving scheme Damaged status Not for loan Home library Current library Shelving location Date acquired Cost, normal purchase price Total Checkouts Full call number Barcode Date last seen Copy number Cost, replacement price Price effective from Koha item type
    Dewey Decimal Classification     London London Basement 03/09/1993 5.00   SHELF 327 (PAMPHLET) 30039521 06/08/2019 1 5.00 06/08/2019 Reference material